• 首页
  • 本馆介绍
  • 公告通知
  • 最新文献
  • 馆藏检索
  • 电子资源
  • 读者导购
  • 参考咨询
  • 我的图书馆
  • 登录
  • 详细信息显示
  • 放入我的书架
  • 预约/预借图书
  • 作者相关作品
  • 分类相关作品
  • 丛书相关作品
  • 出版社相关作品

书目信息

  • 表格格式
  • 工作单格式
  • 卡片格式
题名:
教育过程最优化问答
    
 
作者: 巴班斯基 , 波塔什尼克 著 ;利兰 译
分册:  
出版信息: 北京   北京师范大学出版社  1985
页数: 169页
开本: 19cm
丛书名:
单 册:
中图分类: G421
科图分类:
主题词: 教学理论--最优化
电子资源:
ISBN:
000 00747nam0 2200253 45
001 0185003422
005 20070731091415.17
010    @dCNY0.88
091    @a7243.276
100    @a19900816d1985 em y0chiy0121 ea
101 1  @achi@crus
102    @aCN@b110000
105    @ay z 000yy
200 10 @a教育过程最优化问答@Ajiao yu guo cheng zui you hua wen da@f(苏)巴班斯基, (苏)波塔什尼克著@g利兰译
210    @a北京@c北京师范大学出版社@d1985
215    @a169页@d19cm
606    @a教学理论@x最优化
690    @aG421@v3
701  1 @a巴班斯基@Aba ban si ji@4著
701  1 @a波塔什尼克@Abo ta shi ni ke@4著
702  0 @a利兰@Ali lan@4译
801  2 @aCN@bNLC@c20070731
801  0 @aCN@b深圳图书馆@c20040424
905    @f4@b139961-964@dG421@e18
    
    教育过程最优化问答/(苏)巴班斯基, (苏)波塔什尼克著/利兰译.-北京:北京师范大学出版社,1985
    169页;19cm
    
    
    ISBN :CNY0.88
    
●
相关链接 在E读中查询图书 在五车中查询图书 在当当中查询图书 在豆瓣中查询图书


正题名:教育过程最优化问答     索取号:G421/18         预约/预借

序号 登录号 条形码 馆藏地/架位号 状态 备注
1 0139961   000881353   第四借阅区/ [索取号:G421/18] 在馆    
2 0139962   000881433   密集书库/ [索取号:G421/18] 在馆    
3 0139963   000881442   密集书库/ [索取号:G421/18] 在馆    
4 0139964   000881399   密集书库/ [索取号:G421/18] 在馆    
5 0139965   002065883   第一样本阅览室/ [索取号:G421/18] 在馆    
6 0786829   207868299   密集书库/ [索取号:G421/18] 在馆    
7 0787300   207873005   密集书库/ [索取号:G421/18] 在馆    
唐山师范学院图书馆 欢迎您!
大连网信软件有限公司© 版权所有